00494nam a2200145 i 450000100060000000300090000600500170001500700030003200800410003510000150007624501530009126000600024430000220030485200220032679674ES-MaACL20230906174028.0t|041022s1913 fr ||||1| fre d1 aHersch, L.13aLe juif errant d'aujourd hui b: etude sur l'emigration des israelites de l'Europe Orientale aux Etats-Unis de l'Amerique du Nord / cpar L. Hersch. aParis : b[s.n., c1913] (eSaint Amand : fBussiè€re) a331 p. ; c23 cm. aES-MaACLjF-14146